000 00632nam a2200181 a 4500
008 120416s1977 ||||||||||||||||| || u
020 _a0131405098
050 _aHD 6483 Ric.
100 _aRichardson, Read C
245 1 0 _aCollective bargaining by objectives
246 _aa positive approach
260 _aEnglewood Cliffs, N.J.
_bFT Prentice-Hall
_c1977
300 _axii, 387p. : ill.
350 _a0.00
650 0 _aMANAGEMENT
650 _aCOLLECTIVE BARGAINING
995 _D0.00
_FCBU-MAIN LIBRARY (Kitwe)
_H1
_I0.00
_M1
_UAVAILABLE
_ZMain Library Open Access Collection
999 _c37676
_d37676